[Event "SRB-chT (Women) Div1"]
[Site "Vrnjacka Banja"]
[Date "2021.09.16"]
[Round "11.4"]
[White "Bokan, Jelena"]
[Black "Blagojevic, Tijana"]
[Result "0-1"]
[WhiteElo "1897"]
[BlackElo "2267"]
[PlyCount "64"]
[EventDate "2021.09.07"]
[EventType "tourn"]
[EventRounds "11"]
[EventCountry "SRB"]
[SourceTitle "CBM 204 Extra"]
[Source "ChessBase"]
[SourceDate "2021.11.30"]
[SourceVersion "1"]
[SourceVersionDate "2021.11.30"]
[SourceQuality "1"]
[WhiteTeam "Novi Sad Sah Kruzok (W)"]
[BlackTeam "Nis Osnovac (W)"]
[WhiteTeamCountry "SRB"]
[BlackTeamCountry "SRB"]

1. e4 e5 2. Nf3 Nc6 3. Bb5 a6 4. Ba4 Bc5 5. 0-0 Nge7 6. c3 Ba7 7. d4 Ng6 8. Bg5 f6 9. Be3 0-0 10. d5 Na5 11. Bxa7 Rxa7 12. d6 cxd6 13. Qxd6 b5 14. Bc2 Rb7 15. Nbd2 Rb6 16. Qd5+ Kh8 17. b4 Nf4 18. Qc5 Rc6 19. Qa7 Rxc3 20. bxa5 Rxc2 21. Nb3 d5 22. exd5 Bg4 23. Ne1 Qxd5 24. f3 Rb2 25. Rf2 Rxf2 26. Kxf2 Ra8 27. Qb6 Bf5 28. g4 Be6 29. Nc2 Qd3 30. Ne1 Qe2+ 31. Kg3 h5 32. gxh5 Nxh5+ 0-1

[Event "SRB-chT (Women)"]
[Site "Kragujevac"]
[Date "2016.09.22"]
[Round "1.3"]
[White "Velikic, Adela"]
[Black "Bokan, Jelena"]
[Result "1-0"]
[WhiteElo "2260"]
[BlackElo "1913"]
[PlyCount "63"]
[EventDate "2016.09.22"]
[EventType "team-tourn"]
[EventRounds "11"]
[EventCountry "SRB"]
[SourceTitle "CBM 174 Extra"]
[Source "ChessBase"]
[SourceDate "2016.10.10"]
[SourceVersion "1"]
[SourceVersionDate "2016.10.10"]
[SourceQuality "1"]
[WhiteTeam "Jelica PEP (W)"]
[BlackTeam "Sahmatni kruzok (W)"]
[WhiteTeamCountry "SRB"]
[BlackTeamCountry "SRB"]

1. e4 e5 2. Nf3 Nc6 3. Bc4 Nf6 4. d3 Be7 5. 0-0 0-0 6. Re1 d6 7. a4 h6 8. a5 a6 9. Nc3 Bg4 10. h3 Be6 11. Bd2 Qd7 12. Nd5 Bxd5 13. exd5 Nd4 14. Nxd4 exd4 15. Qf3 Nh7 16. Bb3 Bf6 17. Ba4 Qc8 18. Re2 Ng5 19. Qh5 b5 20. axb6 cxb6 21. Bc6 Rb8 22. h4 Nh7 23. Bf4 Rd8 24. Rae1 g6 25. Qf3 Qc7 26. Bxh6 Bxh4 27. Re4 Bf6 28. Qf4 Be5 29. Rxe5 dxe5 30. Rxe5 Qa7 31. Qxd4 Rd6 32. Re8+ 1-0

[Event "SRB-chT (Women)"]
[Site "Novi Sad"]
[Date "2010.08.27"]
[Round "5"]
[White "Bokan, Jelena"]
[Black "Zivkovic, Vesna"]
[Result "0-1"]
[WhiteElo "2052"]
[BlackElo "2080"]
[PlyCount "70"]
[EventDate "2010.08.23"]
[EventType "team-tourn"]
[EventRounds "11"]
[EventCountry "YUG"]
[SourceTitle "CBM 138 Extra"]
[Source "ChessBase"]
[SourceDate "2010.10.29"]
[SourceVersion "1"]
[SourceVersionDate "2010.10.29"]
[SourceQuality "1"]

1. e4 c5 2. c3 d6 3. d4 cxd4 4. cxd4 g6 5. Bb5+ Bd7 6. Bxd7+ Nxd7 7. Nf3 Bg7 8. 0-0 Qb6 9. Nc3 e6 10. Qa4 a6 11. Bf4 Ne7 12. Qa3 e5 13. dxe5 dxe5 14. Nxe5 Nxe5 15. Bxe5 Bxe5 16. Qxe7+ Kxe7 17. Nd5+ Ke6 18. Nxb6 Rad8 19. Nc4 Bd4 20. Rab1 Rd7 21. Nd2 Rc8 22. Nf3 Rc2 23. Nxd4+ Rxd4 24. Rfc1 Re2 25. Rc7 Rdd2 26. Rxb7 Rxf2 27. Rb6+ Ke5 28. g3 Rg2+ 29. Kf1 Rxh2 30. Kg1 Rdg2+ 31. Kf1 Rxg3 32. Re1 Rgg2 33. Rxa6 Rxb2 34. Kg1 Rbg2+ 35. Kf1 Rxa2 0-1

[Event "SCG Cup (Woman)"]
[Site "Vrnjacka Banja"]
[Date "2006.05.01"]
[Round "1"]
[White "Benderac, Ana"]
[Black "Bokan, Jelena"]
[Result "1-0"]
[WhiteElo "2293"]
[BlackElo "2074"]
[PlyCount "95"]
[EventDate "2006.05.01"]
[EventType "swiss"]
[EventRounds "7"]
[EventCountry "YUG"]
[SourceTitle "EXT 2007"]
[Source "ChessBase"]
[SourceDate "2006.11.23"]
[SourceVersion "1"]
[SourceVersionDate "2006.11.23"]
[SourceQuality "1"]

1. d4 Nf6 2. Nf3 g6 3. Nbd2 Bg7 4. e4 d6 5. Bc4 0-0 6. Qe2 c6 7. 0-0 Qc7 8. e5 Nd5 9. exd6 Qxd6 10. Re1 Re8 11. Ne4 Qc7 12. Nc3 Be6 13. Ng5 Nxc3 14. bxc3 Bd5 15. Bxd5 cxd5 16. Qf3 e6 17. Bf4 Qe7 18. Qh3 h6 19. Nf3 g5 20. Be5 f6 21. Bxb8 Raxb8 22. Nd2 Qd6 23. Re3 e5 24. Rae1 Qa6 25. Qf5 Qxa2 26. h4 e4 27. c4 dxc4 28. Nxe4 Rf8 29. Qe6+ Kh8 30. hxg5 Rbe8 31. Qd5 fxg5 32. c3 Qa6 33. Nd6 Rxe3 34. fxe3 Qa2 35. Nf7+ Kh7 36. Qf5+ Kg8 37. Rf1 Qa6 38. e4 b5 39. e5 b4 40. e6 Qb7 41. Qg6 Qe7 42. Nxh6+ Kh8 43. Nf7+ Kg8 44. d5 Qc5+ 45. Kh1 bxc3 46. d6 Rb8 47. e7 Qd5 48. Nxg5 1-0

[Event "SCG-chT (Women)"]
[Site "Budva"]
[Date "2004.09.10"]
[Round "3.2"]
[White "Bokan, Jelena"]
[Black "Peptan, Corina Isabela"]
[Result "1/2-1/2"]
[WhiteElo "2056"]
[BlackElo "2429"]
[PlyCount "70"]
[EventDate "2004.09.08"]
[EventType "team"]
[EventRounds "11"]
[EventCountry "YUG"]
[SourceTitle "CBM 102 Extra"]
[Source "ChessBase"]
[SourceDate "2004.11.03"]
[SourceVersion "1"]
[SourceVersionDate "2004.11.03"]
[SourceQuality "1"]
[WhiteTeam "08"]
[BlackTeam "02"]
[WhiteTeamCountry "YUG"]
[BlackTeamCountry "YUG"]

1. e4 c5 2. Nf3 e6 3. d4 cxd4 4. Nxd4 a6 5. Bd3 Nf6 6. Nb3 d6 7. Nc3 b5 8. a3 Bb7 9. Be3 Nbd7 10. f4 Rc8 11. 0-0 Be7 12. Qf3 0-0 13. g4 Rxc3 14. bxc3 Qa8 15. a4 b4 16. cxb4 Nxe4 17. Qh3 f5 18. g5 h6 19. Bxe4 Bxe4 20. Nd4 Qd5 21. c4 Qxc4 22. Rac1 Qa2 23. Rc7 hxg5 24. fxg5 Rd8 25. Rfc1 g6 26. Nc6 Bxc6 27. R7xc6 Bf8 28. Rxa6 Ne5 29. Bd4 Qd2 30. Be3 Qxb4 31. Ra7 Bg7 32. Rcc7 Qe1+ 33. Kg2 Qe2+ 34. Kh1 Qe1+ 35. Kg2 Qe2+ 1/2-1/2

[Event "YUG-ch (Women)"]
[Site "Budva"]
[Date "2002.??.??"]
[Round "?"]
[White "Bokan, Jelena"]
[Black "Gruic, Jadranka"]
[Result "1/2-1/2"]
[WhiteElo "2090"]
[BlackElo "2115"]
[PlyCount "29"]
[EventDate "2002.08.??"]
[EventType "team"]
[EventRounds "9"]
[EventCountry "YUG"]
[SourceTitle "EXT 2003"]
[Source "ChessBase"]
[SourceDate "2002.11.25"]
[SourceVersion "1"]
[SourceVersionDate "2002.11.25"]
[SourceQuality "1"]

1. e4 e6 2. d4 d5 3. e5 a6 4. c3 Bd7 5. Nf3 Bb5 6. Bd3 Bxd3 7. Qxd3 Ne7 8. 0-0 Nf5 9. Bg5 Be7 10. Bxe7 Qxe7 11. a4 c5 12. dxc5 Qxc5 13. Na3 Nd7 14. Nc2 Qc7 15. Qe2 1/2-1/2

[Event "YUG-ch (Women)"]
[Site "Budva"]
[Date "2002.??.??"]
[Round "?"]
[White "Bokan, Jelena"]
[Black "Stojanovic, Marija R"]
[Result "0-1"]
[WhiteElo "2090"]
[BlackElo "2080"]
[PlyCount "44"]
[EventDate "2002.08.??"]
[EventType "team"]
[EventRounds "9"]
[EventCountry "YUG"]
[SourceTitle "EXT 2003"]
[Source "ChessBase"]
[SourceDate "2002.11.25"]
[SourceVersion "1"]
[SourceVersionDate "2002.11.25"]
[SourceQuality "1"]

1. e4 c5 2. Nf3 e6 3. d4 cxd4 4. Nxd4 Nc6 5. Nb3 Nf6 6. Bd3 a6 7. 0-0 b5 8. Be3 Qc7 9. f4 Bb7 10. Nc3 d6 11. Qf3 d5 12. exd5 Nb4 13. Bd4 Nbxd5 14. Ne4 Nxe4 15. Bxe4 f5 16. Bd3 Bd6 17. Qh5+ Qf7 18. Qxf7+ Kxf7 19. Nc5 Bc6 20. g3 Nb4 21. Rfe1 Bd5 22. c3 Bxc5 0-1

[Event "YUG-ch (Women)"]
[Site "Budva"]
[Date "2002.??.??"]
[Round "?"]
[White "Maric, Mirjana"]
[Black "Bokan, Jelena"]
[Result "1/2-1/2"]
[WhiteElo "2288"]
[BlackElo "2094"]
[PlyCount "22"]
[EventDate "2002.08.??"]
[EventType "team"]
[EventRounds "9"]
[EventCountry "YUG"]
[SourceTitle "EXT 2003"]
[Source "ChessBase"]
[SourceDate "2002.11.25"]
[SourceVersion "1"]
[SourceVersionDate "2002.11.25"]
[SourceQuality "1"]

1. e4 e5 2. Nf3 Nc6 3. Nc3 Be7 4. d4 d6 5. dxe5 Nxe5 6. Nxe5 dxe5 7. Qxd8+ Bxd8 8. Be2 c6 9. 0-0 Nf6 10. Be3 b6 11. h3 0-0 1/2-1/2

[Event "YUG-ch (Women)"]
[Site "Budva"]
[Date "2002.??.??"]
[Round "?"]
[White "Urosevic, Marija"]
[Black "Bokan, Jelena"]
[Result "1-0"]
[WhiteElo "2060"]
[BlackElo "2090"]
[PlyCount "137"]
[EventDate "2002.08.??"]
[EventType "team"]
[EventRounds "9"]
[EventCountry "YUG"]
[SourceTitle "EXT 2003"]
[Source "ChessBase"]
[SourceDate "2002.11.25"]
[SourceVersion "1"]
[SourceVersionDate "2002.11.25"]
[SourceQuality "1"]

1. d4 f5 2. Bg5 Nf6 3. Bxf6 exf6 4. e3 d5 5. Bd3 Bd6 6. Qf3 g6 7. Nc3 c6 8. Nge2 Qc7 9. h4 Na6 10. h5 Rg8 11. hxg6 hxg6 12. a3 Be6 13. g4 Qd7 14. gxf5 Bxf5 15. Bxf5 Qxf5 16. Qxf5 gxf5 17. Rh5 Kf7 18. Rxf5 Rh8 19. Kd2 Rag8 20. e4 Ke6 21. Rf3 Nc7 22. Re1 dxe4 23. Nxe4 Be7 24. N2g3 Kd7 25. Nxf6+ Bxf6 26. Rxf6 Rh7 27. c4 Ne8 28. Rf4 Nd6 29. b3 a5 30. Ne4 Nxe4+ 31. Rexe4 Rh3 32. Re3 Rh7 33. Rf5 b6 34. Rf6 Rg1 35. Ree6 Rh3 36. Rxc6 Ra1 37. Rfd6+ Ke7 38. Re6+ Kd7 39. Red6+ Ke7 40. Ke2 Rxb3 41. Rxb6 Ra2+ 42. Kf1 Rf3 43. Re6+ Kd7 44. Re2 Raxa3 45. Rbb2 Rfc3 46. Rec2 a4 47. Ke2 Rh3 48. d5 Kd6 49. Ra2 Rxa2 50. Rxa2 a3 51. Kd2 Kc5 52. Rc2 a2 53. Rxa2 Kxc4 54. Ra5 Kb4 55. Ra8 Kc5 56. Rd8 Rh5 57. Kd3 Rh3+ 58. Ke4 Rh2 59. f4 Re2+ 60. Kf5 Rh2 61. Kg5 Kd4 62. d6 Kd5 63. f5 Ke5 64. d7 Rg2+ 65. Kh6 Kd6 66. f6 Rf2 67. Kg7 Rg2+ 68. Kf7 Kc7 69. Rg8 1-0

[Event "YUG-chT (Women)"]
[Site "Herceg Novi"]
[Date "2001.05.??"]
[Round "5"]
[White "Bokan, Jelena"]
[Black "Manakova, Maria"]
[Result "1/2-1/2"]
[WhiteElo "2105"]
[BlackElo "2359"]
[PlyCount "81"]
[EventDate "2001.05.??"]
[EventType "team"]
[EventRounds "11"]
[EventCountry "YUG"]
[SourceTitle "CBM 082 Extra"]
[Source "ChessBase"]
[SourceDate "2001.07.03"]
[SourceVersion "1"]
[SourceVersionDate "2001.07.03"]
[SourceQuality "1"]

1. e4 c5 2. Nf3 Nc6 3. d4 cxd4 4. Nxd4 Nf6 5. Nc3 e5 6. Ndb5 d6 7. Bg5 a6 8. Na3 b5 9. Nd5 Be7 10. Bxf6 Bxf6 11. c3 0-0 12. Nc2 Rb8 13. a3 a5 14. Bd3 Be6 15. Nce3 Bg5 16. Qe2 Bxe3 17. Nxe3 b4 18. axb4 axb4 19. 0-0 bxc3 20. bxc3 Na5 21. Ra3 Rb3 22. Rxb3 Nxb3 23. Bc4 Nc5 24. Bd5 Qa5 25. Qc4 Qa4 26. Qxa4 Nxa4 27. Bxe6 fxe6 28. Nc4 Rd8 29. Rd1 d5 30. exd5 Nxc3 31. Re1 exd5 32. Nxe5 d4 33. Nd3 Ra8 34. g3 Ra2 35. Kg2 Rd2 36. Nc5 Rc2 37. Re8+ Kf7 38. Rd8 Nb5 39. Nb3 Rc4 40. Rd5 Rb4 41. Nc5 1/2-1/2

[Event "YUG-chT (Women)"]
[Site "Herceg Novi"]
[Date "2001.05.??"]
[Round "8"]
[White "Drljevic, Ljilja"]
[Black "Bokan, Jelena"]
[Result "1-0"]
[WhiteElo "2128"]
[BlackElo "2105"]
[PlyCount "67"]
[EventDate "2001.05.??"]
[EventType "team"]
[EventRounds "11"]
[EventCountry "YUG"]
[SourceTitle "CBM 082 Extra"]
[Source "ChessBase"]
[SourceDate "2001.07.03"]
[SourceVersion "1"]
[SourceVersionDate "2001.07.03"]
[SourceQuality "1"]

1. e4 e5 2. Nf3 Nc6 3. Bc4 Bc5 4. c3 Qe7 5. 0-0 d6 6. d4 Bb6 7. h3 Nf6 8. Re1 h6 9. b4 g5 10. dxe5 dxe5 11. a4 a6 12. Ba3 Nd8 13. a5 Ba7 14. b5 Bc5 15. bxa6 bxa6 16. Bd5 Bxa3 17. Bxa8 Bc5 18. Nbd2 g4 19. hxg4 Nxg4 20. Rf1 Rg8 21. Rb1 Ba7 22. Qa4+ Bd7 23. Qb3 Qf6 24. Qc4 Qf4 25. Qxc7 Ne3 26. fxe3 Bxe3+ 27. Rf2 Qg4 28. Qxe5+ Ne6 29. Rb8+ Ke7 30. Rxg8 Bxf2+ 31. Kxf2 Qxg8 32. Bd5 Qc8 33. Bxe6 Bxe6 34. Nd4 1-0

[Event "YUG-chT (Women)"]
[Site "Herceg Novi"]
[Date "2001.05.??"]
[Round "11"]
[White "Maksimovic, Suzana"]
[Black "Bokan, Jelena"]
[Result "1-0"]
[WhiteElo "2315"]
[BlackElo "2105"]
[PlyCount "59"]
[EventDate "2001.05.??"]
[EventType "team"]
[EventRounds "11"]
[EventCountry "YUG"]
[SourceTitle "CBM 082 Extra"]
[Source "ChessBase"]
[SourceDate "2001.07.03"]
[SourceVersion "1"]
[SourceVersionDate "2001.07.03"]
[SourceQuality "1"]

1. d4 Nf6 2. c4 g6 3. Nc3 Bg7 4. e4 d6 5. Bd3 0-0 6. Nge2 e5 7. d5 Na6 8. f3 c6 9. 0-0 c5 10. Kh1 Ne8 11. Be3 f5 12. exf5 gxf5 13. a3 Rf7 14. Qc2 Qh4 15. Rab1 Bh6 16. Bf2 Qe7 17. Rbe1 Ng7 18. g4 fxg4 19. Bxh7+ Kh8 20. f4 Bxf4 21. Nxf4 Rxf4 22. Bg3 Rf3 23. Be4 Bf5 24. Rxf3 Bxe4 25. Rxe4 gxf3 26. Rh4+ Kg8 27. Qh7+ Kf7 28. Rg4 Rg8 29. Ne4 Kf8 30. Rg6 1-0

[Event "YUG-chT (Women)"]
[Site "Herceg Novi"]
[Date "2001.05.??"]
[Round "1"]
[White "Petrovic, Marija"]
[Black "Bokan, Jelena"]
[Result "1-0"]
[WhiteElo "2210"]
[BlackElo "2105"]
[PlyCount "127"]
[EventDate "2001.05.??"]
[EventType "team"]
[EventRounds "11"]
[EventCountry "YUG"]
[SourceTitle "CBM 082 Extra"]
[Source "ChessBase"]
[SourceDate "2001.07.03"]
[SourceVersion "1"]
[SourceVersionDate "2001.07.03"]
[SourceQuality "1"]

1. d4 Nf6 2. Nf3 g6 3. c3 Bg7 4. Bg5 d6 5. Nbd2 h6 6. Bh4 Nbd7 7. e4 g5 8. Bg3 Nh5 9. Bc4 Nxg3 10. hxg3 e5 11. dxe5 Nxe5 12. Nxe5 dxe5 13. Nf1 Qxd1+ 14. Rxd1 Bf8 15. Ke2 a5 16. Ne3 c6 17. a4 Bc5 18. f3 Ke7 19. Rh5 Kf6 20. Nf5 Bxf5 21. exf5 Rae8 22. Rdh1 Kg7 23. f6+ Kxf6 24. Rxh6+ Rxh6 25. Rxh6+ Kg7 26. Rh5 Kg6 27. g4 Rb8 28. Bd3+ Kf6 29. Rh7 Bf8 30. Kd2 b5 31. axb5 cxb5 32. Kc2 b4 33. Bc4 Rb7 34. cxb4 Bxb4 35. Rh6+ Ke7 36. Bxf7 Rd7 37. Bc4 Rd2+ 38. Kb3 Kd7 39. Bb5+ Kc7 40. Rc6+ Kd8 41. Re6 Bd6 42. Rg6 Be7 43. Ra6 Bb4 44. Ra7 Rxg2 45. Rd7+ Kc8 46. Rg7 Bd2 47. Kc4 Bf4 48. b3 Rc2+ 49. Kd5 Rc7 50. Rg6 Kb7 51. Ba6+ Ka7 52. Bc4 Kb8 53. Bb5 Re7 54. Bc6 Ka7 55. Kc5 Bd2 56. Kb5 e4 57. fxe4 Re5+ 58. Bd5 Re8 59. Rg7+ Kb8 60. Rb7+ Kc8 61. Ra7 Kd8 62. Kc6 Rf8 63. e5 Bb4 64. Bf7 1-0

[Event "YUG-chT (Women)"]
[Site "Herceg Novi"]
[Date "2001.05.??"]
[Round "6"]
[White "Prudnikova, Svetlana"]
[Black "Bokan, Jelena"]
[Result "1-0"]
[WhiteElo "2422"]
[BlackElo "2105"]
[PlyCount "39"]
[EventDate "2001.05.??"]
[EventType "team"]
[EventRounds "11"]
[EventCountry "YUG"]
[SourceTitle "CBM 082 Extra"]
[Source "ChessBase"]
[SourceDate "2001.07.03"]
[SourceVersion "1"]
[SourceVersionDate "2001.07.03"]
[SourceQuality "1"]

1. e4 e5 2. Nf3 Nc6 3. d4 exd4 4. Nxd4 Qh4 5. Nc3 Bb4 6. Be2 Nf6 7. 0-0 Bxc3 8. Nf5 Qxe4 9. Bd3 Qg4 10. f3 Qb4 11. bxc3 Qxc3 12. Nxg7+ Kd8 13. Rb1 d6 14. Kh1 Ne5 15. Rb3 Qd4 16. Bg5 Ned7 17. Bf5 Qc5 18. Qa1 Ke7 19. Bxf6+ Nxf6 20. Re1+ 1-0

[Event "YUG-chT (Women)"]
[Site "Kragujevac"]
[Date "2000.12.17"]
[Round "7"]
[White "Bokan, Jelena"]
[Black "Dragasevic, Antonina"]
[Result "1/2-1/2"]
[WhiteElo "2113"]
[BlackElo "2158"]
[PlyCount "20"]
[EventDate "2000.12.11"]
[EventType "team"]
[EventRounds "11"]
[EventCountry "YUG"]
[SourceTitle "CBM 079 Extra"]
[Source "ChessBase"]
[SourceDate "2001.01.11"]
[SourceVersion "2"]
[SourceVersionDate "2001.01.25"]
[SourceQuality "1"]

1. e4 c5 2. Nf3 d6 3. d4 cxd4 4. Nxd4 Nf6 5. Nc3 Nc6 6. Nb3 e5 7. Bg5 a6 8. Nd5 Be7 9. Bxf6 Bxf6 10. Be2 Be6 1/2-1/2

[Event "YUG-chT (Women)"]
[Site "Vrnjacka Banja"]
[Date "1999.??.??"]
[Round "1"]
[White "Bokan, Jelena"]
[Black "Ivanovic, Jelena"]
[Result "1/2-1/2"]
[WhiteElo "2119"]
[BlackElo "2054"]
[PlyCount "83"]
[EventDate "1999.08.??"]
[EventType "team"]
[EventRounds "9"]
[EventCountry "YUG"]
[SourceTitle "EXT 2000"]
[Source "ChessBase"]
[SourceDate "1999.11.16"]
[SourceVersion "1"]
[SourceVersionDate "1999.11.16"]
[SourceQuality "1"]

1. e4 d6 2. d4 Nf6 3. Bd3 g6 4. c3 Bg7 5. f4 0-0 6. Nf3 Nbd7 7. 0-0 c6 8. Qe2 Qc7 9. e5 Nd5 10. Ng5 e6 11. Na3 b5 12. Nc2 a6 13. Ne4 dxe5 14. dxe5 Bb7 15. c4 bxc4 16. Bxc4 c5 17. Nd6 N7b6 18. Nxb7 Qxb7 19. Bd3 Rfc8 20. Na3 Ra7 21. Nc4 Nxc4 22. Bxc4 a5 23. a4 Qc7 24. Rd1 Nb6 25. Bb5 Nd5 26. Bd2 Qb6 27. Qf2 Bf8 28. Rac1 Nc7 29. Bd7 Rb8 30. Be3 Qxb2 31. Bxc5 Bxc5 32. Qxc5 Qb6 33. Qxb6 Rxb6 34. Bc6 Rb4 35. g3 Na6 36. Bb5 Nc7 37. Bd7 Nd5 38. Bb5 Rc7 39. Rxc7 Nxc7 40. Bc6 Rc4 41. Bd7 Nd5 42. Bb5 1/2-1/2

[Event "YUG-chT (Women)"]
[Site "Vrnjacka Banja"]
[Date "1999.??.??"]
[Round "6"]
[White "Bokan, Jelena"]
[Black "Sargac, Rajna"]
[Result "1/2-1/2"]
[WhiteElo "2119"]
[BlackElo "2129"]
[PlyCount "87"]
[EventDate "1999.08.??"]
[EventType "team"]
[EventRounds "9"]
[EventCountry "YUG"]
[SourceTitle "EXT 2000"]
[Source "ChessBase"]
[SourceDate "1999.11.16"]
[SourceVersion "1"]
[SourceVersionDate "1999.11.16"]
[SourceQuality "1"]

1. e4 c5 2. Nf3 Nc6 3. d4 cxd4 4. Nxd4 Nf6 5. Nc3 e6 6. Ndb5 d6 7. Bf4 e5 8. Bg5 a6 9. Na3 b5 10. Nd5 Be7 11. Bxf6 Bxf6 12. c3 Ne7 13. Nxe7 Bxe7 14. Bd3 0-0 15. 0-0 Bb7 16. c4 bxc4 17. Nxc4 d5 18. exd5 Qxd5 19. Ne3 Qd8 20. Qe2 Bc5 21. Bxh7+ Kxh7 22. Qc2+ Kg8 23. Qxc5 Qd4 24. Qe7 Be4 25. b3 Rfe8 26. Qg5 f6 27. Qg3 Rad8 28. Rad1 Qb6 29. Nc4 Qc5 30. h4 Rd4 31. Rc1 f5 32. Qg6 Qe7 33. Qg5 Qxg5 34. hxg5 Bd3 35. Rfe1 e4 36. f3 Kf7 37. fxe4 fxe4 38. Ne3 Kg6 39. Rc5 Red8 40. Kf2 R4d7 41. Nc4 Rd5 42. Ne5+ Kxg5 43. Nxd3 exd3 44. Rxd5+ 1/2-1/2

[Event "YUG-chT (Women)"]
[Site "Niksic"]
[Date "1997.??.??"]
[Round "6"]
[White "Babic, Marijana"]
[Black "Bokan, Jelena"]
[Result "1-0"]
[WhiteElo "2141"]
[BlackElo "2115"]
[PlyCount "92"]
[EventDate "1997.08.27"]
[EventType "team"]
[EventRounds "11"]
[EventCountry "YUG"]
[SourceTitle "CBM 059 Extra"]
[Source "ChessBase"]
[SourceDate "1997.09.26"]
[SourceVersion "1"]
[SourceVersionDate "1997.09.26"]
[SourceQuality "1"]

1. e4 e5 2. Nf3 Nc6 3. d4 exd4 4. Nxd4 Nxd4 5. Qxd4 Ne7 6. Bf4 Nc6 7. Qe3 d6 8. Nc3 Be6 9. 0-0-0 f6 10. Qg3 Qd7 11. Bb5 a6 12. Ba4 b5 13. Bb3 Bxb3 14. axb3 0-0-0 15. Rhe1 Ne5 16. Qe3 Kb7 17. Bg3 Qc6 18. Nd5 Nd7 19. Rd3 a5 20. Rc3 Nc5 21. b4 axb4 22. Nxb4 Qe8 23. Nd5 c6 24. Nb4 Ra8 25. f3 Ra4 26. Nd3 Ne6 27. Bf2 Qd8 28. b3 Ra1+ 29. Kb2 Ra8 30. Nb4 c5 31. Qd3 Qa5 32. Qd5+ Kc7 33. Qc6+ Kd8 34. Kc1 Rc8 35. Bxc5 Nxc5 36. Rxc5 Qa3+ 37. Kb1 Rxc6 38. Nxc6+ Ke8 39. Rxb5 Qa6 40. Rb8+ Kf7 41. Nd8+ Kg6 42. Ne6 Qa7 43. Rc8 Qf7 44. Nf4+ Kh6 45. Rd1 Qd7 46. Rd5 g5 1-0

[Event "YUG-chT (Women)"]
[Site "Niksic"]
[Date "1997.??.??"]
[Round "5"]
[White "Bokan, Jelena"]
[Black "Dragasevic, Antonina"]
[Result "0-1"]
[WhiteElo "2115"]
[BlackElo "2150"]
[PlyCount "130"]
[EventDate "1997.08.27"]
[EventType "team"]
[EventRounds "11"]
[EventCountry "YUG"]
[SourceTitle "CBM 059 Extra"]
[Source "ChessBase"]
[SourceDate "1997.09.26"]
[SourceVersion "1"]
[SourceVersionDate "1997.09.26"]
[SourceQuality "1"]

1. e4 g6 2. d4 Bg7 3. c3 d6 4. f4 e6 5. Nf3 Ne7 6. Bd3 b6 7. 0-0 0-0 8. Na3 c5 9. Nc2 cxd4 10. cxd4 Nbc6 11. Be3 a5 12. Qe2 Bd7 13. Rac1 Nb4 14. Nxb4 axb4 15. b3 d5 16. e5 Ra7 17. Rc2 Qa8 18. Rfc1 Rc8 19. Rxc8+ Bxc8 20. Rc2 Bf8 21. Bf2 Ba6 22. Bxa6 Rxa6 23. Ne1 h5 24. g3 Ra5 25. Nd3 Nc6 26. Qd2 Kg7 27. h3 Be7 28. g4 Kh7 29. Be3 h4 30. Nc1 Ra7 31. Qd3 Nd8 32. f5 Qb8 33. f6 Bf8 34. Qd2 Rc7 35. Qf2 Rxc2 36. Qxc2 Kg8 37. Bg5 b5 38. Bxh4 Qb6 39. Bf2 Nc6 40. Qd2 Kh7 41. Be3 Qc7 42. Nd3 Qa7 43. Ne1 Qc7 44. Qf2 Kg8 45. Nf3 Nd8 46. Bd2 Qc2 47. Qh4 Qd1+ 48. Kg2 Nc6 49. Be3 Qe2+ 50. Qf2 Qd3 51. h4 Qe4 52. Kg3 Qb1 53. Qd2 Qa1 54. Qc2 Qc3 55. Qd2 Qa1 56. Qc1 Qc3 57. Bd2 Nxd4 58. Qxc3 bxc3 59. Be3 Nxf3 60. Kxf3 Ba3 61. Ke2 c2 62. Kd3 c1Q 63. Bxc1 Bxc1 64. a4 bxa4 65. bxa4 Bb2 0-1